Every 100,000+ City in Guatemala in Order - Statistics

General Stats
  • This quiz has been taken 26 times
    9 since last reset
  • The average score is 6 of 25
Answer Stats
Letter Population City % Correct
G-C 3,374,185 Guatemala City
100%
Q 331,794 Quetzaltenango
67%
H 142,027 Huehuetenango
50%
V-N 709,053 Villa Nueva
50%
J 153,202 Jutiapa
33%
M 505,223 Mixco
33%
A 127,759 Amatitlán
17%
A-G 149,295 Antigua Guatemala
17%
C 137,491 Chimaltenango
17%
C 119,533 Chinautla
17%
C 122,185 Chiquimula
17%
C 124,410 Coatepeque
17%
C 230,068 Cobán
17%
E 183,490 Escuintla
17%
F 140,668 Flores
17%
J 177,455 Jalapa
17%
P-B 114,065 Puerto Barrios
17%
R 103,182 Retalhuleu
17%
S-J-P 202,001 San José Pinula
17%
S-J-S 248,590 San Juan Sacatepéquez
17%
S-M 108,623 San Marcos
17%
S-C-D-Q 104,070 Santa Cruz del Quiché
17%
T 115,495 Totonicapán
17%
V-C 155,423 Villa Canales
17%
S-M-P 135,447 San Miguel Petapa
0%
No matching quizzes found
Score Distribution
Percent of People with Each Score
Percentile by Number Answered
Your Score History
You have not taken this quiz since the last reset